| 000 | nam a22 a 4500 | ||
|---|---|---|---|
| 999 |
_c103 _d103 |
||
| 005 | 20170418092929.0 | ||
| 008 | 170417t2008 -uk||||| |||| 00| 0 eng d | ||
| 020 | _a9780863250712 (Set of five volumes) | ||
| 040 | _aAKMAL | ||
| 082 | _a343.4105521 CCM | ||
| 090 |
_a343.4105521 _bCCM |
||
| 245 | 0 | 0 | _aBritish value added tax reporter. |
| 246 | 1 |
_aCCH British value added tax reporter _iMinor title change: |
|
| 260 |
_a[Kingston-upon-Thames] : _bWolters Kluwer _c2008 |
||
| 300 |
_a5 v. (loose-leaf) ; _c26 cm. |
||
| 500 | _a"A set of five volumes containing detailed commentary on value added tax with legislation, official publications and forms, cases and indexes". | ||
| 500 | _aDescription based on: volume 1 | ||
| 650 | 0 |
_aValue-added tax _vHandbooks, manuals, etc. _xLaw and legislation _zGreat Britain _9274 |
|
| 942 |
_2ddc _cBOOK |
||
| 950 | _lAKMAL | ||